Načítá se...
Question bank book series -Botony /
| Hlavní autor: | |
|---|---|
| Médium: | Printed Book |
| Jazyk: | English |
| Vydáno: |
New Delhi :
Association of Indian Universities,
1986.
|
| Témata: |
| LEADER | 00472nam a2200121Ia 4500 | ||
|---|---|---|---|
| 008 | 160121b xxu||||| |||| 00| 0 eng d | ||
| 100 | |a Association of Indian Universities | ||
| 245 | |a Question bank book series -Botony / |c Association of Indian Universities | ||
| 260 | |a New Delhi : |b Association of Indian Universities, |c 1986. | ||
| 653 | |a Biology | ||
| 942 | |c BK | ||
| 999 | |c 123231 |d 123231 | ||
| 952 | |0 0 |1 0 |4 0 |7 0 |9 136429 |a LIF |b LIF |c ST1 |d 2009-08-02 |i 1043 |l 0 |p LIF1043 |r 2010-12-01 |w 2009-08-02 |y BK | ||